| 000 | 00449nam a2200145Ia 4500 | ||
|---|---|---|---|
| 008 | 191111s9999 xx 000 0 und d | ||
| 020 | _a9780198717355 | ||
| 100 | _aRuxton, Graeme D. | ||
| 245 |
_cGraeme D. Ruxton.-- _aExperimental design for the life sciences / |
||
| 250 | _a4th ed | ||
| 260 |
_aEurope : _bOxford University Press _c2016 |
||
| 300 | _axviii, 202 pages. | ||
| 650 | _aExperimental design | ||
| 650 | _aLife sciences -- experiments | ||
| 999 |
_c362570 _d362570 |
||